000 00366nam a2200097Ia 4500
005 20250424112927.0
008 250424s9999 xx 000 0 und d
300 _axv. 343 p. :ll. ; 21 cm.
650 _aCommunication--Nigeria--Periodicals. Communication--Africa--Periodicals. Mass media--Nigeria--Periodicals. Communication. Mass media. Africa. Nigeria.
942 _cSR
999 _c37923
_d37923